| 000 | 00616nam a2200241Ia 4500 | ||
|---|---|---|---|
| 003 | OSt | ||
| 005 | 20230410164330.0 | ||
| 008 | 210423s2008 xx 000 0 und d | ||
| 020 | _a100324543115 | ||
| 040 | _cAL | ||
| 041 | _aeng | ||
| 082 |
_a338.9 _223 _bBRUJ |
||
| 100 |
_aBRUX (Jacqueline Murray) _985728 |
||
| 245 | _aEconomic issues and policy | ||
| 250 | _a4 | ||
| 260 |
_aLondon _bThomson Learning _c2008 |
||
| 300 |
_axxii,448. _bPB |
||
| 365 |
_b2552 _cINR |
||
| 650 |
_aEconomics _985729 |
||
| 650 |
_aEconomics of Development _985730 |
||
| 906 | _aEconomic ; issues ; policy | ||
| 942 |
_2ddc _cBK |
||
| 999 |
_c157126 _d157126 |
||